000
00247nmm a2200085Ia 4500
008
220120s9999||||xx |||||||||||||||||und||
100
_a
Callister, William, D
_9
432
245
0
_a
Callister`s material scinece and engineering
260
_a
Tata mcgraw hill
999
_c
139498
_d
139498